|
|
|
|
| LEADER |
03693nam a2200889 i 4500 |
| 001 |
nkc20203237692 |
| 003 |
CZ PrNK |
| 005 |
20200918151831.0 |
| 007 |
ta |
| 008 |
200707s2020 xr ac e 000 0dcze |
| 015 |
|
|
|a cnb003237692
|
| 020 |
|
|
|a 978-80-271-1011-7
|q (vázáno) :
|c Kč 499,00
|
| 035 |
|
|
|a (OCoLC)1200256227
|
| 040 |
|
|
|a OLA001
|b cze
|e rda
|
| 041 |
1 |
|
|a cze
|a eng
|h cze
|
| 043 |
|
|
|a e-xr---
|a ec-----
|a ee-----
|
| 045 |
|
|
|a y-y-
|
| 072 |
|
7 |
|a 26
|x Judaismus
|2 Konspekt
|9 5
|
| 080 |
|
|
|a (=411.16)
|2 MRF
|
| 080 |
|
|
|a 26-832-051
|2 MRF
|
| 080 |
|
|
|a 26-832
|2 MRF
|
| 080 |
|
|
|a 26-722.5
|2 MRF
|
| 080 |
|
|
|a 394.46
|2 MRF
|
| 080 |
|
|
|a 26-4
|2 MRF
|
| 080 |
|
|
|a 26-5
|2 MRF
|
| 080 |
|
|
|a 77.03
|2 MRF
|
| 080 |
|
|
|a 77.065
|2 MRF
|
| 080 |
|
|
|a (437.3)
|2 MRF
|
| 080 |
|
|
|a (4-191.2)+(4-11)
|2 MRF
|
| 080 |
|
|
|a (084.12)
|2 MRF
|
| 080 |
|
|
|a (0:82-9)
|2 MRF
|
| 100 |
1 |
|
|a Buxbaum, Jindřich,
|d 1953-
|7 mzk2017970078
|4 pht
|
| 245 |
1 |
0 |
|a Sedmero požehnání =
|b Seven blessings /
|c Jindřich Buxbaum, Daniel Soukup ; translated by David Livingstone
|
| 246 |
3 |
1 |
|a Seven blessings
|
| 250 |
|
|
|a První vydání
|
| 264 |
|
1 |
|a Praha :
|b Grada,
|c 2020
|
| 300 |
|
|
|a 168 stran :
|b ilustrace, portréty ;
|c 24 x 29 cm
|
| 336 |
|
|
|a text
|b txt
|2 rdacontent
|
| 336 |
|
|
|a statický obraz
|b sti
|2 rdacontent
|
| 337 |
|
|
|a bez média
|b n
|2 rdamedia
|
| 338 |
|
|
|a svazek
|b nc
|2 rdacarrier
|
| 500 |
|
|
|a "Fotografie: Jindřich Buxbaum, text: Daniel Soukup"--Tiráž
|
| 504 |
|
|
|a Obsahuje bibliografické odkazy
|
| 546 |
|
|
|a Souběžný anglický text
|
| 600 |
1 |
7 |
|a Buxbaum, Jindřich,
|d 1953-
|7 mzk2017970078
|2 czenas
|
| 650 |
0 |
7 |
|a 21. století
|7 ph126112
|2 czenas
|
| 650 |
0 |
7 |
|a Židé
|7 ph127782
|z Evropa střední a východní
|y 21. století
|2 czenas
|
| 650 |
0 |
7 |
|a chasidi
|7 ph117306
|z Evropa střední a východní
|y 21. století
|2 czenas
|
| 650 |
0 |
7 |
|a chasidismus
|7 ph114231
|z Evropa střední a východní
|y 21. století
|2 czenas
|
| 650 |
0 |
7 |
|a rabíni
|7 ph124961
|z Evropa střední a východní
|2 czenas
|
| 650 |
0 |
7 |
|a rabíni
|7 ph124961
|x úmrtí
|2 czenas
|
| 650 |
0 |
7 |
|a výročí
|7 ph116704
|z Evropa střední a východní
|2 czenas
|
| 650 |
0 |
7 |
|a náboženský život
|7 ph123387
|z Evropa střední a východní
|y 21. století
|2 czenas
|
| 650 |
0 |
7 |
|a rituály a obřady
|7 ph125170
|z Evropa střední a východní
|y 21. století
|2 czenas
|
| 650 |
0 |
7 |
|a dokumentární fotografie
|7 ph119534
|z Česko
|y 21. století
|2 czenas
|
| 650 |
0 |
7 |
|a černobílá fotografie
|7 ph166376
|z Česko
|y 21. století
|2 czenas
|
| 650 |
0 |
9 |
|a Jews
|z Europe, Central and Eastern
|y 21st century
|2 eczenas
|
| 650 |
0 |
9 |
|a Hasids
|z Europe, Central and Eastern
|y 21st century
|2 eczenas
|
| 650 |
0 |
9 |
|a Hasidism
|z Europe, Central and Eastern
|y 21st century
|2 eczenas
|
| 650 |
0 |
9 |
|a rabbins
|z Europe, Central and Eastern
|2 eczenas
|
| 650 |
0 |
9 |
|a rabbins
|x death
|2 eczenas
|
| 650 |
0 |
9 |
|a anniversaries
|z Europe, Central and Eastern
|2 eczenas
|
| 650 |
0 |
9 |
|a religious life
|z Europe, Central and Eastern
|y 21st century
|2 eczenas
|
| 650 |
0 |
9 |
|a rites and ceremonies
|z Europe, Central and Eastern
|y 21st century
|2 eczenas
|
| 650 |
0 |
9 |
|a documentary photography
|z Czechia
|y 21st century
|2 eczenas
|
| 650 |
0 |
9 |
|a black-and-white photography
|z Czechia
|y 21st century
|2 eczenas
|
| 655 |
|
7 |
|a fotografické publikace
|7 fd132276
|2 czenas
|
| 655 |
|
7 |
|a texty
|7 fd133699
|2 czenas
|
| 655 |
|
9 |
|a photographical works
|2 eczenas
|
| 655 |
|
9 |
|a texts
|2 eczenas
|
| 700 |
1 |
|
|a Soukup, Daniel,
|d 1981-
|7 jo2015884968
|4 aut
|
| 700 |
1 |
|
|a Livingstone, David,
|d 1966-
|7 xx0112150
|4 trl
|
| 910 |
2 |
|
|a BOA001
|b 4-1447.917
|
| 990 |
|
|
|a BK
|
| 995 |
|
|
|a 01
|
| 991 |
|
|
|b 202007
|c NOV
|
| 996 |
6 |
|
|b 2610830460
|c 4-1447.917
|l MZK
|r Sklad / do 1 hodiny
|n 0
|p p.v.
|w 001813549
|u 000010
|a 1
|e BOA001
|j MZK50
|s P
|